[Event "Montigny le Bretonneux op 5th"]
[Site "Montigny le Bretonneux"]
[Date "2006.11.02"]
[Round "6.2"]
[White "Winckel, Fabrice"]
[Black "Kermadec, Olivier"]
[Result "1/2-1/2"]
[WhiteElo "1636"]
[BlackElo "1640"]
[PlyCount "98"]
[EventDate "2006.10.28"]
[EventType "swiss"]
[EventRounds "9"]
[EventCountry "FRA"]
[SourceTitle "EXT 2007"]
[Source "ChessBase"]
[SourceDate "2006.11.23"]
[SourceVersion "1"]
[SourceVersionDate "2006.11.23"]
[SourceQuality "1"]

1. d4 d5 2. c4 c6 3. Nc3 Nf6 4. Nf3 dxc4 5. a4 e6 6. e4 Bb4 7. Qc2 c5 8. dxc5 Bxc5 9. Bxc4 Nc6 10. Bf4 Nd4 11. Nxd4 Bxd4 12. Nb5 e5 13. Rd1 Qa5+ 14. Bd2 Qb6 15. Nxd4 exd4 16. Qb3 Qxb3 17. Bxb3 Nxe4 18. Bb4 Bd7 19. Rxd4 Nf6 20. 0-0 0-0-0 21. Rc1+ Bc6 22. Rxd8+ Rxd8 23. Bxf7 Kb8 24. Bb3 Rd4 25. Bc3 Rg4 26. g3 h6 27. Bd1 Re4 28. b3 Nd5 29. Bd2 Nb4 30. Bf3 Rd4 31. Bc3 Rd7 32. Bg4 Na2 33. Bxd7 Nxc1 34. Bxc6 Ne2+ 35. Kf1 Nxc3 36. Bf3 Na2 37. Ke1 Nc1 38. Bd5 Nd3+ 39. Ke2 Nb4 40. Bg8 a6 41. Kd2 Kc7 42. f4 Kd6 43. Ke3 Nd5+ 44. Bxd5 Kxd5 45. Kd3 Kc5 46. Kc3 Kd5 47. Kb4 b6 48. a5 b5 49. h3 Kd4 1/2-1/2

[Event "Montigny le Bretonneux op 5th"]
[Site "Montigny le Bretonneux"]
[Date "2006.10.30"]
[Round "3.5"]
[White "Couronne, Patrice"]
[Black "Kermadec, Olivier"]
[Result "1/2-1/2"]
[WhiteElo "1874"]
[BlackElo "1640"]
[PlyCount "97"]
[EventDate "2006.10.28"]
[EventType "swiss"]
[EventRounds "9"]
[EventCountry "FRA"]
[SourceTitle "EXT 2007"]
[Source "ChessBase"]
[SourceDate "2006.11.23"]
[SourceVersion "1"]
[SourceVersionDate "2006.11.23"]
[SourceQuality "1"]

1. b3 e5 2. Bb2 Nc6 3. e3 d5 4. Bb5 Bd6 5. f4 Qe7 6. Nf3 Bg4 7. h3 Bxf3 8. Qxf3 Nf6 9. 0-0 0-0 10. Nc3 exf4 11. exf4 Bc5+ 12. Kh1 Nd4 13. Nxd5 Nxd5 14. Bxd4 Bxd4 15. c3 Bb6 16. Qxd5 c6 17. Bxc6 bxc6 18. Qxc6 Qe2 19. d4 Rac8 20. Qf3 Qd2 21. c4 Qxd4 22. Rad1 Qf6 23. g4 Rcd8 24. g5 Qb2 25. a4 Qc2 26. h4 Rxd1 27. Qxd1 Qe4+ 28. Qf3 Qf5 29. b4 Bd4 30. c5 Re8 31. a5 g6 32. Kh2 Re3 33. Qg2 Qd3 34. Rf2 Qb3 35. c6 Rc3 36. Rd2 Qxb4 37. Qd5 Be3 38. Qd8+ Qf8 39. Rd7 Bxf4+ 40. Kg2 Rxc6 41. Kf3 Bd6 42. Qf6 Rc8 43. Rxd6 Qe8 44. a6 Rb8 45. Rd3 Rc8 46. Rd6 Qf8 47. Qd4 Rb8 48. Kf4 Qc8 49. Rd7 1/2-1/2

[Event "Montigny le Bretonneux op"]
[Site "Montigny le Bretonneux"]
[Date "2004.05.23"]
[Round "7"]
[White "Kermadec, Olivier"]
[Black "Blasco, Robert"]
[Result "1-0"]
[WhiteElo "1610"]
[BlackElo "1280"]
[PlyCount "81"]
[EventDate "2004.05.20"]
[EventType "swiss"]
[EventRounds "9"]
[EventCountry "FRA"]
[SourceTitle "EXT 2007"]
[Source "ChessBase"]
[SourceDate "2006.11.23"]
[SourceVersion "1"]
[SourceVersionDate "2006.11.23"]
[SourceQuality "1"]

1. d4 Nf6 2. c4 e6 3. Nf3 d5 4. Bg5 c6 5. e3 Qb6 6. Qc2 Be7 7. Nc3 Nbd7 8. Bd3 h6 9. Bh4 c5 10. dxc5 Nxc5 11. 0-0 Nxd3 12. Qxd3 0-0 13. Ne5 a6 14. b3 Rd8 15. cxd5 Qd6 16. Nc4 Qc7 17. Bg3 Qc5 18. d6 Bf8 19. Na4 Qc6 20. Nab6 Ra7 21. Rac1 Qe4 22. Qd2 Nh5 23. f3 Qg6 24. Qd4 Nxg3 25. hxg3 Qxg3 26. d7 Bxd7 27. Nxd7 b5 28. Qxa7 bxc4 29. Rxc4 Bd6 30. Nf6+ gxf6 31. Rg4+ Qxg4 32. fxg4 Kg7 33. Qxa6 Bc5 34. Kf2 Rd2+ 35. Kf3 Kg6 36. Qc4 Bd6 37. Qc3 Rd5 38. e4 Re5 39. b4 Rb5 40. Ke2 Rxb4 41. Qxf6+ 1-0

[Event "Montigny le Bretonneux op"]
[Site "Montigny le Bretonneux"]
[Date "2004.05.22"]
[Round "5"]
[White "Kermadec, Olivier"]
[Black "Miolane, Leo"]
[Result "0-1"]
[WhiteElo "1610"]
[BlackElo "1460"]
[PlyCount "90"]
[EventDate "2004.05.20"]
[EventType "swiss"]
[EventRounds "9"]
[EventCountry "FRA"]
[SourceTitle "EXT 2007"]
[Source "ChessBase"]
[SourceDate "2006.11.23"]
[SourceVersion "1"]
[SourceVersionDate "2006.11.23"]
[SourceQuality "1"]

1. d4 Nf6 2. c4 e6 3. Nf3 Bb4+ 4. Nc3 d5 5. Bg5 Nc6 6. e3 0-0 7. Bd3 dxc4 8. Bxc4 Na5 9. Bd3 c5 10. a3 Bxc3+ 11. bxc3 b6 12. 0-0 Nb7 13. e4 h6 14. Bxf6 Qxf6 15. e5 Qe7 16. Nd2 cxd4 17. cxd4 f6 18. Qh5 Qf7 19. Bg6 Qe7 20. Ne4 f5 21. Nd2 Qg5 22. f4 Qxh5 23. Bxh5 Nd8 24. Rac1 Bb7 25. Rc7 Rc8 26. Rfc1 Rxc7 27. Rxc7 Bd5 28. Bg6 Nc6 29. Nb1 Nxd4 30. Rxa7 Ne2+ 31. Kf2 Nxf4 32. Ra6 Nxg6 33. Rxb6 Nxe5 34. Nc3 Nc4 35. Ra6 Ra8 36. Rxa8+ Bxa8 37. Nb5 Bc6 38. a4 Bxb5 39. axb5 Kf7 40. Ke2 Ke7 41. Kd3 Nb6 42. Kd4 Kd6 43. h3 e5+ 44. Ke3 Kd5 45. g3 g5 0-1